Normal view MARC view

Entry Topical Term

Number of records used in: 1

001 - CONTROL NUMBER

  • control field: 29896

003 - CONTROL NUMBER IDENTIFIER

  • control field: OSt

005 - DATE AND TIME OF LATEST TRANSACTION

  • control field: 20220215144843.0

008 - FIXED-LENGTH DATA ELEMENTS

  • fixed length control field: 220215|| aca||aabn | a|a d

040 ## - CATALOGING SOURCE

  • Original cataloging agency: OSt
  • Transcribing agency: OSt

150 ## - HEADING--TOPICAL TERM

  • Topical term or geographic name entry element: Covid-19, Rajasthan, Institutional arrangements, Bhilwara model, Ramganj model

670 ## - SOURCE DATA FOUND

  • Source citation: Work cat.: (OSt): Pareek, Urvashi Sol, Nagendra Ambedkar 29895, Institutional responses to the management of covid-19 crisis: Lessons from the Bhilwara and the Ramganj models of Rajasthan

Powered by Koha